Countryside character /

Bibliographic Details
Other Authors: Harman, Richard
Format: Book
Language:English
Published: London : Blandford Press, 1946.
Edition:1st ed.
Subjects:

MARC

Tag First Indicator Second Indicator Subfields
LEADER 00000cam a2200000Ia 4500
001 in00002072721
005 20151102130646.0
008 720630s1946 enka 000 0 eng c
010 |a  47005236  
035 |a (OCoLC)ocm00346742 
040 |a KSU  |c KSU  |d OCLCQ  |d UtOrBLW 
043 |a e-uk--- 
049 |a TXAM 
050 0 |a S521  |b .H2275 
090 |a S521  |b .C68 1946 
245 0 0 |a Countryside character /  |c compiled by Richard Harman. 
250 |a 1st ed. 
264 1 |a London :  |b Blandford Press,  |c 1946. 
300 |a 235 pages :  |b illustrations ;  |c 22 cm. 
336 |a text  |b txt  |2 rdacontent 
337 |a unmediated  |b n  |2 rdamedia 
338 |a volume  |b nc  |2 rdacarrier 
650 0 |a Country life  |z Great Britain. 
700 1 |a Harman, Richard. 
994 |a C0  |b TXA 
948 |a cataloged  |b h  |c 2005/9/28  |d c  |e mzajicek  |f 10:51:39 am 
999 |a MARS 
999 f f |s 8632b984-add0-3bbb-85bd-b467b1ef47f1  |i a8aff070-15aa-3774-acd5-5d342819cc0b  |t 0 
952 f f |p noncirc  |a Texas A&M University  |b College Station  |c Cushing Memorial Library & Archives  |d Cushing: Literature/Mitchell (Does not check out)  |t 0  |e S521 .C68 1946  |h Library of Congress classification  |i unmediated -- volume 
998 f f |a S521 .C68 1946  |t 0  |l Cushing: Literature/Mitchell (Does not check out)